| 000 | 01407nas a2200277Ia 4500 | ||
|---|---|---|---|
| 001 | R268-R7037 | ||
| 003 | IT-CnALBA | ||
| 008 | 170116c99999999xx |||||||||||| ||und|| | ||
| 040 |
_aIT-CnALBA _cIT-CnALBA |
||
| 041 | _aITALIANO | ||
| 100 | _aPOUPARD PAUL, CARDINALE | ||
| 210 | _aVIA VERITÀ E VITA | ||
| 222 | _aVIA VERITÀ E VITA | ||
| 245 | 0 | _aVIA VERITÀ E VITA. RIVISTA PASTORALE CATECHETICA. NOVEMBRE-DICEMBRE 1984. | |
| 250 | _a1a ed. | ||
| 260 |
_a ROMA _bCENTRO CATECHISTICO PAOLINO _c1984 [1° Ed.:1984 - Ed.Ling.Originale: 1984] |
||
| 300 | _a80 p. | ||
| 310 | _aBIMESTRALE | ||
| 362 | _aFascicolo: 100 / Anno: 33 (1984) | ||
| 500 | _aEDITORIALE, VERSO I LONTANI. SFIDA ALLA CHIESA. CHIESA E ATEISMO PRATICO. COLLEGO J. RIZZA S. GIUSTINIANI P. JOSS A. PASTORALE NUOVA. IDENTIKIT LONTANI IN ITALIA. REALTÀ DEI LONTANI DOPO IL XXX SINODO DIOCESANO, NAPOLI. VIE NUOVE PER RAGGIUNGIMENTO DEI LONTANI. | ||
| 501 | _aSocietà San Paolo EM - Piazza San Paolo, 14 - 12051 ALBA (CN) (non commercial uses only) ® Copyright 2017 | ||
| 520 | _aEDITORIALE, VERSO I LONTANI. SFIDA ALLA CHIESA. CHIESA E ATEISMO PRATICO. COLLEGO J. RIZZA S. GIUSTINIANI P. JOSS A. PASTORALE NUOVA. IDENTIKIT LONTANI IN ITALIA. REALTÀ DEI LONTANI DOPO IL XXX SINODO DIOCESANO, NAPOLI. VIE NUOVE PER RAGGIUNGIMENTO DEI LONTANI. | ||
| 650 | _aTEOLOGIA PASTORALE - CATECHESI | ||
| 942 | _cCR | ||
| 957 | _71 | ||
| 999 |
_a58603 _bNO _g1 _c325630 _d325630 |
||